Pa-mine is the key (Record no. 367118)
[ view plain ]
| 000 -LEADER | |
|---|---|
| fixed length control field | 00935nam a22002297a 4500 |
| 003 - CONTROL NUMBER IDENTIFIER | |
| control field | 0 |
| 005 - DATE AND TIME OF LATEST TRANSACTION | |
| control field | 20250204150102.0 |
| 008 - FIXED-LENGTH DATA ELEMENTS--GENERAL INFORMATION | |
| fixed length control field | 250204b xxu||||| |||| 00| 0 eng d |
| 050 ## - LIBRARY OF CONGRESS CALL NUMBER | |
| Classification number | HF 5415.1265 |
| Item number | .An53 2023 |
| 100 ## - MAIN ENTRY--PERSONAL NAME | |
| Personal name | Andrade, Leoven B. |
| 245 ## - TITLE STATEMENT | |
| Title | Pa-mine is the key |
| Remainder of title | a documentary film on the rise of filipino online live sellers on facebook during the pandemic |
| Statement of responsibility, etc | Leoven B. Andrade and three others |
| 260 ## - PUBLICATION, DISTRIBUTION, ETC. (IMPRINT) | |
| Place of publication, distribution, etc | Las Pinas City |
| Name of publisher, distributor, etc | Southville International School and Colleges |
| Date of publication, distribution, etc | c2023 |
| 300 ## - PHYSICAL DESCRIPTION | |
| Extent | vii, 334 pages ; |
| Dimensions | 28cm. |
| 500 ## - GENERAL NOTE | |
| General note | Bachelor of Arts in Communication. |
| 504 ## - BIBLIOGRAPHY, ETC. NOTE | |
| Bibliography, etc | Includes bibliographical references and appendices. <br/> |
| 650 ## - SUBJECT ADDED ENTRY--TOPICAL TERM | |
| Topical term or geographic name as entry element | Social media marketing—Philippines. |
| 650 ## - SUBJECT ADDED ENTRY--TOPICAL TERM | |
| Topical term or geographic name as entry element | Online selling—Economic aspects—Philippines. |
| 650 ## - SUBJECT ADDED ENTRY--TOPICAL TERM | |
| Topical term or geographic name as entry element | Facebook (Firm)—Economic impact. |
| 650 ## - SUBJECT ADDED ENTRY--TOPICAL TERM | |
| Topical term or geographic name as entry element | E-commerce—Social aspects. |
| 650 ## - SUBJECT ADDED ENTRY--TOPICAL TERM | |
| Topical term or geographic name as entry element | Documentary films—Philippines. |
| 942 ## - ADDED ENTRY ELEMENTS (KOHA) | |
| Source of classification or shelving scheme | Library of Congress Classification |
| Koha item type | Theses |
| Withdrawn status | Lost status | Source of classification or shelving scheme | Damaged status | Home library | Current library | Shelving location | Date acquired | Source of acquisition | Sub Shelving location | Total Checkouts | Full call number | Barcode | Date last seen | Price effective from | Koha item type |
|---|---|---|---|---|---|---|---|---|---|---|---|---|---|---|---|
| Library of Congress Classification | College Library | College Library | Theses Section | 02/04/2025 | Donation | HF 5415.1265 .An53 2023 | T1346 | 02/04/2025 | 02/04/2025 | Theses |